000 00516nam a2200205Ia 4500
005 20250923150434.0
008 008 250917s9999 xx 000 0 eng d
037 _aTextual
040 _aDSWL
_beng
_cDSWL
041 _aeng
_2eng
084 _qDSWL
100 _aAurini, J D
_9845960
245 4 _aThe how to of qualitative research
_cby J D Aurini
260 _aLondon
_b Sage Pub.
_c2022
300 _a333 p.
365 _aGBP
_b30.99
925 _g30.99
942 _cTEXL
999 _c1463450
_d1463450